Google's Year in Search 2025 (Recipes) - Statistics

General Stats
  • This quiz has been taken 15 times
  • The average score is 3 of 10
Answer Stats
Picture Hint Answer % Correct
Mexico, Central America, Colombia Bell Pepper
86%
India, Nepal, Thailand, Vietnam, Indonesia, China, North Korea, South Korea, Japan Bean Sprouts
57%
Mexico, Guatemala Chia Pudding
36%
Worldwide Roasted Chicken
36%
Brazil, Argentina, Paraguay, Uruguay Chimichurri
29%
United States Marry Me Chicken
21%
United States Zucchini Bread
21%
Brazil Hot Honey
14%
United States Lasagna Soup
14%
United States White Chicken Chili
14%
No matching quizzes found
Score Distribution
Percent of People with Each Score
Percentile by Number Answered
Your Score History
You have not taken this quiz